• 首页
  • 本馆介绍
  • 公告通知
  • 最新文献
  • 馆藏检索
  • 电子资源
  • 读者导购
  • 参考咨询
  • 我的图书馆
  • 登录
  • 详细信息显示
  • 放入我的书架
  • 预约/预借图书
  • 作者相关作品
  • 分类相关作品
  • 丛书相关作品
  • 出版社相关作品

书目信息

  • 表格格式
  • 工作单格式
  • 卡片格式
书名: The adventures of Super Diaper Baby
作者: Geore Beard,Harold Hutchins.
分册号:
分册名:
出版地: New York :
 
出版社: The Blue Press
出版时间: 2002.
页数: 125 p. ;
开本: 20cm.
丛书名:
中图分类号:
科图分类号:
其他分类号: J238.1
主题词:
电子资源:
000 00408nam 2200145 a 4500
001 E0756833978
005 20070712154944.60
008 070712s2002 00010 eng
020    @a0-439-37606-8.
040    @aPFT@beng
090    @aJ238.1
099    @dJ238.1@ex40
245    @aThe adventures of Super Diaper Baby / @cGeore Beard,Harold Hutchins.
260    @aNew York :@bThe Blue Press,@c2002.
300    @a125 p. ;@c20cm.
    
    The adventures of Super Diaper Baby / / Geore Beard,Harold Hutchins.-New York : : The Blue Press, , 2002.
    125 p. ; ; 20cm.
    
    
    ISBN 0-439-37606-8.
    
●
相关链接 在E读中查询图书 在五车中查询图书 在当当中查询图书 在豆瓣中查询图书


正题名:The adventures of Super Diaper Baby     索取号:J238.1/x40         预约/预借

序号 登录号 条形码 馆藏地/架位号 状态 备注
1 0011777   300117772   第二样本阅览室/ [索取号:J238.1/x40] 在馆    
唐山师范学院图书馆 欢迎您!
大连网信软件有限公司© 版权所有